| 000 | 00470nam a2200169 i 4500 | ||
|---|---|---|---|
| 001 | 39224 | ||
| 003 | ES-MaACL | ||
| 005 | 20231207062959.0 | ||
| 007 | t| | ||
| 008 | 030227s1964 sp ||||1| spa d | ||
| 100 | 1 |
_aCalvo Serer, Rafael, _d1916-1988 _933911 |
|
| 245 | 1 | 4 |
_aLas nuevas democracias / _cRafael Calvo Serer. |
| 260 |
_aMadrid : _bRialp, _c1964. |
||
| 300 |
_a249 p. ; _c20 cm. |
||
| 852 |
_aES-MaACL _jC-25086 _bR.54051 |
||
| 999 |
_c39224 _d39224 |
||